| 000 | 00420pam a2200157a 44500 | ||
|---|---|---|---|
| 008 | 230405s2005 xxu||||| |||| 00| 0 eng d | ||
| 041 | _aENG | ||
| 100 | _aGULZAR NADIR | ||
| 245 | _aPRACTICAL J2EE APPLICATION ARCHITEETURE WITH STRUTS IMPLEMENTATION PATTERNS & ARCHITECTURE | ||
| 250 | _a2005 | ||
| 260 |
_aMUMBAI _bWILEY,MUMBAI _c2005 |
||
| 300 | _a683 | ||
| 650 | _aARCHITECTURE | ||
| 690 | _aMCA | ||
| 906 | _a6379 | ||
| 999 |
_c287190 _d287190 |
||